000 00458nam a2200157Ia 4500
001 15380
003 GE_BSU
008 181216s||||||||xx |||||||||||||| ||und||
040 _cGE_BSU
100 _aქუჩიშვილი,გიორგი
245 _aბელადის დაძახილზე
245 _bლექსები
653 _aბელადის დაძახილზე
653 _aლექსები
942 _cBK
999 _c48485
_d48485